27. Etnomuzikologický seminár (11.-12. december 2000, Bratislava)

Bibliographic Details
Main Author: Sedláková, Viera, 1949- (Author)
Format: Article
Language:Slovak
ISSN:1335-7026
Subjects:
Online Access:http://www.snk.sk/images/snk/NBU/Kniznica/2_2001/101.pdf

MARC

LEADER 00000nab a2200000 a 4500
001 vtls000752992
003 SK-MaSNL
005 20260305020956.0
008 231006c2001 xo 0 slo
015 |a SNBRB2001/04-11025 
035 |a CLN000104779 
040 |a SNKBUCL  |b slo  |c SNKBUCL  |e AACR2 
041 0 |a slo 
044 |a xo  |c SK 
080 |a 398.8:061.3  |2 1997 
100 1 |a Sedláková, Viera,  |d 1949-  |4 aut  |9 105898 
245 1 0 |a 27. Etnomuzikologický seminár  |b (11.-12. december 2000, Bratislava)  |c Viera Sedláková 
246 1 3 |a Dvadsiaty siedmi etnomuzikologický seminár 
650 0 7 |a etnomuzikológia  |2 snkbucl  |9 64259 
655 7 |a články z novín a časopisov  |2 snkbucl  |9 267496 
773 0 |t Knižnica  |g Roč. 2, č. 2 (2001), s. 101  |x 1335-7026 
850 |a Slovenská národná knižnica v Martine 
852 |a SNK  |b KIS3GCP 
856 4 1 |u http://www.snk.sk/images/snk/NBU/Kniznica/2_2001/101.pdf 
958 |a KL 
958 |a SK 
958 |a OND 
958 |a EUIPO 
992 |a RBX 
999 |c 3283321  |d 3285251